Responses for Show #342 - Tuesday, December 31, 1985

Contestants

[<< previous game]

Allan Delaine, a substitute teacher from Clayton, North Carolina

Vicky DeFelice, a real estate appraiser from Laguna Hills, California

Dan Alves, an engineering supervisor from Santa Maria, California (whose 2-day cash winnings total $29,800)

[next game >>]

Jeopardy! Round responses

DETECTIVES
SHIPS
SEASONAL SONGS
SOVIET UNION
FLOWERS
"TABLE" TALK
    $100 19
Sherlock Holmes

Dan
    $100 1
the Titanic

Allan
    $100 18
(Alex: Not fast enough Allan; we've got about a minute to go in the round.)

in the springtime

Triple Stumper
    $100 2
(Vicky: Uh, what is the Party?)

atheism

VickyAllan
    $100 8
the dahlia

Allan
    $100 5
table tennis

Allan
    $200 10
a sloop

Vicky
    $200 23
"Summer Breeze"

Allan
    $200 3
(Alex: From 67 to 62.)

down

Allan
    $200 9
(Allan: What's a tuber?)

a bulb

DanAllan
    $200 11
the table of contents

Vicky
    $300 20
World War I

Dan
    $300 24
(Alex: Allan?)
(Allan: [No response])
...
[The end-of-round signal sounds.]

"Winter Wonderland"

Allan
    $300 4
21

Vicky
    $300 15
the stamen

Vicky
    $300 12
table hopping

Vicky
    $400 21
clipper ships

Dan
    $400 6
[Alex read the quote with a Russian accent.]

Joseph Stalin

Allan
    $400 16
(Vicky: What is telephone delivery?)
(Allan: What's the flower?)
(Dan: Florist telegraph delivery--what is florist telegraph delivery?)

transworld delivery

DanVickyAllan
Triple Stumper
    $400 13
to table it

Allan
    $500 22
the Cunard line

Allan
    $500 7
(Allan: What is 2?)
(Vicky: What is none?)

1

VickyAllan
Triple Stumper
    $500 17
(Allan: What's the corona?)

a corolla

VickyAllan
    $500 14
a tableau vivant

Allan

Scores at the first commercial break (after clue 14):

Dan Vicky Allan
$200 $400 $1,200

Scores at the end of the Jeopardy! Round:

Dan Vicky Allan
$600 $800 $700

Double Jeopardy! Round responses

MAGAZINES
THE CIVIL WAR
CANDY
4-LETTER WORDS
RELIGION
ODDS & ENDS
    $200 15
(Allan: Who is Richard Burton and Elizabeth Taylor?)

the Reagans (the president & the first lady)

Allan
Triple Stumper
    $200 4
the Battle of Fort Sumter

Allan
    $200 22
Hershey

Vicky
    $200 3
bare

Allan
    $200 11
John Paul II

Allan
    $200 1
Albert Einstein

Dan
    $500 16
(Allan: Okay, what is the New Testament?)
...
(Alex: We've got a minute to go in the round.)

TV Guide & Reader's Digest

Allan
    $400 5
(Allan: What is the Union side?)

the Confederacy

VickyAllan
    $400 23
Egypt

Dan
    $400 6
open

Vicky
    $400 2
(Allan: What is throwing down the gauntlet?)

to pick up the glove

VickyAllan
    $600 17
Ladies' Home Journal

Allan
    $600 12
Damn the torpedoes, full speed ahead

Allan
    $600 24
little parachutes

Dan
    $600 7
a tart

Dan
    $1,000 8
(Dan: What is white?)
(Alex: I'm sorry, that is wrong; white stands for innocence and purity... red, of course, for valor.)

blue

Dan
    $800 18
(Vicky: Uh, [*]?)
(Alex: Phrasing.)

Der Spiegel

Vicky
    $800 13
Seward

Allan
    $800 25
[The end-of-round signal sounds.]

New York

Allan
    $800 19
to meld

Vicky
    $800 9
a bucket brigade

Dan
    $1000 21
(Allan: What is Time-Life Publications?)
...
(Alex: Dan, not fast enough, sorry.)

McGraw Hill

Allan
Triple Stumper
    $1000 14
hardtack

Triple Stumper
    $1000 20
a capo

Triple Stumper
    $1000 10
(Alex: Today, the FBI has about 173,000,000 sets of [*].)

fingerprints

Dan

Scores at the end of the Double Jeopardy! Round:

Dan Vicky Allan
$3,200 $3,800 $1,600

[wagering suggestions for these scores]

Final Jeopardy! Round responses

ACTORS & ROLES
AllanWho is
$1,599
DanWhat is The Count of Monte Cristo
$3,100
VickyWho was Napoleon?
$2,700
the Count of Monte Cristo

Final scores:

Dan Vicky Allan
$6,300 $1,100 $1
3-day champion: $36,100 2nd place: Panasonic VHS camcorder & Karl-Lorimar VHS workout tapes 3rd place: Lane recliner

Game dynamics:

Coryat scores:

Dan Vicky Allan
$4,200 $3,800 $2,400
10 R,
2 W
(including 1 DD)
12 R,
3 W
17 R,
10 W
(including 2 DDs)

Combined Coryat: $10,400

[game clues] [game scores] [suggest correction]

Game tape date: 1985-09-04
The J! Archive is created by fans, for fans. Scraping, republication, monetization, and malicious use prohibited; this site may use cookies and collect identifying information. See terms. The Jeopardy! game show and all elements thereof, including but not limited to copyright and trademark thereto, are the property of Jeopardy Productions, Inc. and are protected under law. This website is not affiliated with, sponsored by, or operated by Jeopardy Productions, Inc. Join the discussion at JBoard.tv.